'C' UK National Rail Stations - Statistics

General Stats
  • This quiz has been taken 170 times
  • The average score is 51 of 229
Answer Stats
Station % Correct
Chester
79%
Cambridge
77%
Cardiff Central
72%
Carlisle
67%
Chichester
67%
Chelmsford
65%
Coventry
65%
Crewe
63%
Clapham (North Yorkshire)
60%
Colchester
60%
Chesterfield
58%
Chorley
58%
Clapham Junction
58%
Crawley
58%
Chatham
51%
Croy
51%
Charing (Kent)
49%
Corby
49%
Charing Cross (Glasgow)
47%
Charlton
47%
Cheltenham Spa
47%
Chingford
44%
Cromer
44%
Christchurch
42%
Canterbury East
40%
Canterbury West
40%
Carshalton
40%
Cheshunt
40%
Colwyn Bay
40%
Conwy
40%
Chester-Le-Street
37%
Chippenham
37%
Chorleywood
37%
Camberley
35%
Cambridge North
35%
Cardiff Queen Street
35%
Castleford
35%
Chepstow
35%
Clacton-On-Sea
35%
Cosham
35%
Carmarthen
33%
Catford
33%
Clapham High Street
33%
Clapton
33%
Cleethorpes
33%
Colchester Town
33%
Carnforth
30%
Castleton (Manchester)
30%
Caterham
30%
Chirk
30%
Chiswick
30%
Crewkerne
30%
Cumbernauld
30%
Camborne
28%
Canada Water
28%
Canley
28%
Cannock
28%
Church Stretton
28%
Congleton
28%
Cowdenbeath
28%
Cowden (Kent)
28%
Caerphilly
26%
Cardiff Bay
26%
Carlton
26%
Carshalton Beeches
26%
Chalfont And Latimer
26%
Cheadle Hulme
26%
Cheddington
26%
Chipstead
26%
Colne
26%
Coulsdon South
26%
Crediton
26%
Cricklewood
26%
Cambridge Heath
23%
Carstairs
23%
Chertsey
23%
Crowborough
23%
Crystal Palace
23%
Cuffley
23%
Cwmbran
23%
Caersws
21%
Castle Cary
21%
Chafford Hundred Lakeside
21%
Cheam
21%
Clandon
21%
Combe (Oxon)
21%
Cookham
21%
Corfe Castle
21%
Crayford
21%
Cressing (Essex)
21%
Caldicot
19%
Camden Road
19%
Canonbury
19%
Chadwell Heath
19%
Chessington North
19%
Chessington South
19%
Chislehurst
19%
Cholsey
19%
Christs Hospital
19%
Clifton (Manchester)
19%
Clydebank
19%
Coatbridge Sunnyside
19%
Cobham And Stoke Dabernon
19%
Collingham
19%
Corrour
19%
Coseley
19%
Cottingham
19%
Coulsdon Town
19%
Craven Arms
19%
Crosskeys
19%
Cadoxton
16%
Calstock
16%
Carnoustie
16%
Carpenders Park
16%
Carrbridge
16%
Causeland
16%
Chandlers Ford
16%
Chetnole
16%
Chinley
16%
Clitheroe
16%
Coatbridge Central
16%
Coombe Junction Halt
16%
Cranbrook (Devon)
16%
Cressington
16%
Cromford
16%
Crowle
16%
Culham
16%
Cambuslang
14%
Carbis Bay
14%
Cardenden
14%
Castle Bar Park
14%
Catford Bridge
14%
Cathcart
14%
Chapeltown (South Yorkshire)
14%
Chartham
14%
Chelsfield
14%
Chester Road
14%
Clarkston
14%
Claverdon
14%
Clunderwen
14%
Collington
14%
Colwall
14%
Cooden Beach
14%
Copplestone
14%
Coryton
14%
Cradley Heath
14%
Creswell
14%
Crews Hill
14%
Crianlarich
14%
Criccieth
14%
Cross Gates
14%
Crouch Hill
14%
Crowhurst
14%
Crowthorne
14%
Cuddington
14%
Cuxton
14%
Caledonian Road And Barnsbury
12%
Capenhurst
12%
Cark And Cartmel
12%
Carmyle
12%
Carntyne
12%
Cathays
12%
Cattal
12%
Chalkwell
12%
Chapel-En-Le-Frith
12%
Chappel And Wakes
12%
Charlbury
12%
Chatelherault
12%
Chilham
12%
Church Fenton
12%
Cilmeri
12%
City Thameslink
12%
Clarbeston Road
12%
Claygate
12%
Clock House
12%
Codsall
12%
Connel Ferry
12%
Conon Bridge
12%
Cononley
12%
Conway Park
12%
Cooksbridge
12%
Corbridge
12%
Corpach
12%
Cosford
12%
Coventry Arena
12%
Culrain
12%
Caergwrle
9%
Cam And Dursley
9%
Camelon
9%
Cardonald
9%
Cardross
9%
Carfin
9%
Carluke
9%
Cartsdyke
9%
Cefn-Y-Bedd
9%
Chapelton (Devon)
9%
Chathill
9%
Chilworth
9%
Church And Oswaldtwistle
9%
Clifton Down
9%
Coatdyke
9%
Cogan
9%
Corkickle
9%
Cottingley
9%
Craigendoran
9%
Cramlington
9%
Crofton Park
9%
Crookston
9%
Crossflatts
9%
Crossmyloof
9%
Croston
9%
Cwmbach
9%
Cynghordy
9%
Cantley
7%
Chassen Road
7%
Chelford (Cheshire)
7%
Cherry Tree
7%
Chestfield And Swalecliffe
7%
Cleland
7%
Coleshill Parkway
7%
Commondale
7%
Conisbrough
7%
Corkerhill
7%
Croftfoot
7%
Crosshill
7%
Cupar
7%
Curriehill
7%
Castleton Moor
5%
No matching quizzes found
Score Distribution
Percent of People with Each Score
Percentile by Number Answered
Your Score History
You have not taken this quiz